000 00258nam a22001217a 4500
041 _aENG
100 _aRaven.F
245 _aAutomatic Control Engineering
260 _aNew york
_bMcgraw -Hill
_c1998
300 _a619
650 _aFMP
856 _uFMP ( 4 )
999 _c1410
_d1410